00499nam a2200157Ia 4500020001800000082002800018100002500046245005000071260004200121300001200163504004600175650003000221650002900251650003800280650002300318 a81-7211-165-7 a371.8220954 BHA-R SL1 aNair, P.V. Bhaskaran 0aReturns on higher education of women in India aNew DelhibNorthern Book Centrec2005 axv, 125 ainculdes bibliography, appendix and index aWomenvEducation (Higher) aindia - Economic aspects aEducation, HighervIndiavFinance aEducation of women